ZWYCIĘZCY LIGI EUROPY 1990-2022 - Statystyki

Ogólne statystyki
  • Ten quiz został rozwiązany 85 razy
  • Średni wynik to 19 z 33
Statystyki odpowiedzi
Hint Odpowiedź % Poprawnych
2006 Sevilla
92%
2007 Sevilla
92%
2014 Sevilla
92%
2015 Sevilla
92%
2016 Sevilla
92%
2020 Sevilla
92%
2017 Manchester united
87%
2013 Chelsea
85%
2019 Chelsea
85%
2010 Atletico madryt
79%
2012 Atletico madryt
79%
2018 Atletico madryt
79%
2022 Eintracht frankfurt
73%
2021 Villareal
69%
2001 Liverpool
59%
2003 FC Porto
52%
2011 FC Porto
52%
1991 Inter mediolan
47%
1994 Inter mediolan
47%
1998 Inter mediolan
47%
1992 Ajax amsterdam
45%
2009 Szachtar donieck
43%
1990 Juventus turyn
36%
1993 Juventus turyn
36%
1996 Bayern monachium
32%
2004 Valencia
32%
2005 CSKA Moskwa
28%
2000 Galatasaray
27%
2008 Zenit petersburg
25%
2002 Feyenoord rotterdam
23%
1997 Schalke 04
15%
1995 AC Parma
13%
1999 AC Parma
13%
Nie znaleziono quizów pasujących do podanych kryteriów
Rozkład punktacji
Procent ludzi z każdym wynikiem
Percentyl według liczby udzielonych odpowiedzi
Twoja historia wyników
Nie rozwiązałeś tego quizu